[Event "D-HS-MM Muenchen (LMU) 1-Dresden (TU) 1"]
[Site "Augsburg"]
[Date "2010.10.07"]
[Round "3.1"]
[White "Loxine, Iakov"]
[Black "Koepke, Christian"]
[Result "1-0"]
[WhiteElo "2350"]
[BlackElo "2351"]
[PlyCount "91"]
[EventDate "2010.10.06"]

1. e4 c5 2. Nf3 d6 3. c3 Nf6 4. h3 Nbd7 5. Bd3 b6 6. O-O Bb7 7. Re1 Rc8 8. Qe2
Qc7 9. Na3 e6 10. Bb1 Be7 11. d4 a6 12. d5 exd5 13. exd5 O-O 14. c4 Rfe8 15.
Nc2 Bf8 16. Ne3 g6 17. b3 Bg7 18. Bb2 b5 19. Bd3 Rb8 20. Qd2 Ba8 21. Bc3 Nb6
22. a4 bxc4 23. bxc4 Nbd7 24. Rab1 Rxb1 25. Bxb1 Bb7 26. a5 Bc8 27. Qb2 Qb7 28.
Qa1 Qc7 29. Bc2 Qd8 30. Ba4 Re4 31. Bc2 Re8 32. Nh2 Nh5 33. Ba4 Bxc3 34. Qxc3
Qf6 35. Qxf6 Nhxf6 36. Rb1 Re4 37. Nhg4 Nxg4 38. hxg4 Re7 39. g5 f5 40. gxf6
Nxf6 41. Rb6 Kf7 42. Rxd6 Ne4 43. Rd8 Bf5 44. d6 Rb7 45. Nxf5 gxf5 46. d7 1-0

[Event "D-HS-MM Muenchen (LMU) 1-Dresden (TU) 1"]
[Site "Augsburg"]
[Date "2010.10.07"]
[Round "3.2"]
[White "Levushkina, Elena"]
[Black "Zwahr, Paul"]
[Result "1/2-1/2"]
[WhiteElo "2280"]
[BlackElo "2273"]
[PlyCount "122"]
[EventDate "2010.10.06"]

1. e4 c5 2. Nf3 e6 3. c3 d5 4. exd5 Qxd5 5. d4 Nf6 6. Be3 cxd4 7. cxd4 Nc6 8.
Nc3 Qd6 9. a3 Be7 10. Bd3 O-O 11. O-O Bd7 12. Re1 Rfd8 13. Qc2 Rac8 14. Rad1
Qb8 15. Bg5 h6 16. Bc1 Be8 17. Qe2 Na5 18. d5 Nxd5 19. Nxd5 Rxd5 20. Qe4 Bf6
21. Bf4 Qa8 22. Qh7+ Kf8 23. b4 Nc6 24. Be4 Rdd8 25. Bd6+ Rxd6 26. Rxd6 Ke7 27.
Rdd1 Rd8 28. Bc2 Qb8 29. Qe4 Rxd1 30. Rxd1 Kf8 31. b5 Ne7 32. Qb4 Qc7 33. Be4
Kg8 34. a4 Nc8 35. h3 Be7 36. Qd2 Nd6 37. Bb1 Kf8 38. Qc2 Qb6 39. Ne5 g6 40.
Nc4 Nxc4 41. Qxc4 a6 42. Bd3 axb5 43. axb5 Qc5 44. Qf4 Bg5 45. Qb8 b6 46. Be2
Be7 47. Qf4 Bg5 48. Qd6+ Be7 49. Qd2 Bg5 50. Qb2 Bf4 51. Rd8 Ke7 52. Ra8 Be5
53. Qd2 Qc7 54. Bf1 Bh2+ 55. Kh1 Bf4 56. Qb2 Be5 57. Qa3+ Bd6 58. Qd3 Qc5 59.
Qd2 Qe5 60. Ra7+ Bd7 61. g3 Qf5 1/2-1/2

[Event "D-HS-MM Muenchen (LMU) 1-Dresden (TU) 1"]
[Site "Augsburg"]
[Date "2010.10.07"]
[Round "3.3"]
[White "Hoffmann, Paul"]
[Black "Monninger, Moritz"]
[Result "1-0"]
[WhiteElo "2317"]
[BlackElo "2036"]
[PlyCount "117"]
[EventDate "2010.10.06"]

1. e4 d5 2. exd5 Qxd5 3. Nc3 Qa5 4. d4 c6 5. Bc4 Nf6 6. Bd2 Bf5 7. Nf3 e6 8.
Nd5 Qd8 9. Nxf6+ gxf6 10. Bb3 Rg8 11. Qe2 Qc7 12. Nh4 Bg4 13. f3 Bh5 14. O-O-O
Be7 15. g4 Bg6 16. f4 f5 17. Nxg6 hxg6 18. gxf5 gxf5 19. Qh5 Qd6 20. Rhg1 Rxg1
21. Rxg1 Nd7 22. Rg7 O-O-O 23. Qxf7 Bf6 24. Rg8 Qxd4 25. c3 Qe4 26. Rxd8+ Kxd8
27. Qxe6 Qd3 28. Bc4 Qh3 29. Qd6 Qxh2 30. Bd3 Qh1+ 31. Kc2 Qh3 32. b4 Be7 33.
Qe6 Nf8 34. Qxf5 Qh1 35. Qe5 Nd7 36. Qe6 Nf8 37. Qe3 b6 38. Qd4+ Kc7 39. Qc4
Qh5 40. Qa6 Kb8 41. Be4 Qb5 42. Qxb5 cxb5 43. Bd3 a6 44. a4 bxa4 45. Bxa6 Kc7
46. Bb5 a3 47. Bd3 Ne6 48. f5 Ng5 49. Kb3 Kd6 50. Be3 Bd8 51. Kxa3 Nf3 52. Ka4
Ne5 53. Be2 Kc6 54. Bd4 Kd5 55. Kb5 Nd7 56. Bc4+ Kd6 57. Be6 Nf8 58. Bxb6 Bf6
59. Bc5+ 1-0

[Event "D-HS-MM Muenchen (LMU) 1-Dresden (TU) 1"]
[Site "Augsburg"]
[Date "2010.10.07"]
[Round "3.4"]
[White "Meier, Desiderius"]
[Black "Boettger, Lukas"]
[Result "0-1"]
[WhiteElo "1973"]
[BlackElo "2093"]
[PlyCount "104"]
[EventDate "2010.10.06"]

1. e4 c5 2. b3 b6 3. Bb2 Bb7 4. Nc3 e6 5. Nf3 d6 6. d4 cxd4 7. Nxd4 Nf6 8. Bb5+
Nbd7 9. O-O a6 10. Bc6 Bxc6 11. Nxc6 Qc7 12. Nd4 Be7 13. f4 b5 14. f5 e5 15.
Nf3 b4 16. Nd5 Qc5+ 17. Kh1 Nxe4 18. Qd3 Ndf6 19. c4 Ra7 20. Nxf6+ Nxf6 21. Nd2
Qc6 22. Rae1 O-O 23. Ne4 a5 24. Nxf6+ Bxf6 25. Qe3 Rd7 26. Qg3 Ra8 27. Rd1 a4
28. Rd5 axb3 29. axb3 Rdd8 30. Qe3 Ra2 31. Rf2 Rda8 32. h3 h6 33. Qg3 R8a5 34.
Rdd2 Qe4 35. Rde2 Qb1+ 36. Kh2 Bg5 37. h4 Bf6 38. Rd2 Qe4 39. Kh3 Ra6 40. Qg4
Qe3+ 41. Qg3 Qe1 42. Rfe2 Qb1 43. Qf2 Ra1 44. Bxa1 Qh1+ 45. Kg4 Rxa1 46. Rxd6
Rf1 47. g3 Rxf2 48. Rxf2 h5+ 49. Kxh5 Qe4 50. Ra6 g6+ 51. Kh6 Bg7+ 52. Kg5 Qe3+
0-1

[Event "D-HS-MM Muenster (Uni) 1-Poznanska (FH) 2"]
[Site "Augsburg"]
[Date "2010.10.07"]
[Round "3.1"]
[White "Sikorska, Agata"]
[Black "Werner, Daniel"]
[Result "0-1"]
[WhiteElo "2096"]
[BlackElo "2091"]
[PlyCount "90"]
[EventDate "2010.10.06"]

1. e4 c5 2. Nf3 d6 3. d4 cxd4 4. Nxd4 Nf6 5. Nc3 a6 6. Be2 e5 7. Nb3 Be6 8. O-O
b5 9. Bg5 Nbd7 10. a4 b4 11. Nd5 Bxd5 12. exd5 Be7 13. a5 Qc7 14. Be3 O-O 15.
Qd2 Rfc8 16. Rfc1 g6 17. f3 Qb7 18. Rd1 Nh5 19. Ra4 Rab8 20. Qd3 Nf4 21. Bxf4
exf4 22. Qe4 Qa7+ 23. Kh1 Bf6 24. Bd3 Bxb2 25. Rxb4 Be5 26. Rxb8 Nxb8 27. Qb4
Nd7 28. Be4 f5 29. Bd3 Nf6 30. Nd2 Kg7 31. Rb1 Bc3 32. Qxf4 Nh5 33. Qxd6 Bxd2
34. Bxa6 Rxc2 35. Bd3 Rc3 36. Bf1 Kh6 37. a6 Rc7 38. g4 fxg4 39. fxg4 Qd4 40.
Qf8+ Ng7 41. Qf3 Qe3 42. Qg2 Rf7 43. d6 Ne6 44. Qe2 Rxf1+ 45. Qxf1 Qe4+ 0-1

[Event "D-HS-MM Muenster (Uni) 1-Poznanska (FH) 2"]
[Site "Augsburg"]
[Date "2010.10.07"]
[Round "3.2"]
[White "Rehfeldt, Frank"]
[Black "Kaczmarek, Piotr"]
[Result "1/2-1/2"]
[WhiteElo "2037"]
[BlackElo "1842"]
[PlyCount "49"]
[EventDate "2010.10.06"]

1. e4 c5 2. Nf3 Nc6 3. d4 cxd4 4. Nxd4 Nf6 5. Nc3 e6 6. Be3 Bb4 7. Bd3 d5 8.
exd5 Bxc3+ 9. bxc3 Nxd5 10. Nxc6 bxc6 11. Bd2 Qf6 12. O-O Nxc3 13. Qg4 Nd5 14.
Rab1 h6 15. Rb3 Ne7 16. Bc3 e5 17. Qg3 Qg5 18. Bxe5 Qxg3 19. fxg3 O-O 20. Be4
Nd5 21. Bd4 Re8 22. Bf3 Ba6 23. Rd1 Bc4 24. Rb7 Bxa2 25. Rxa7 1/2-1/2

[Event "D-HS-MM Muenster (Uni) 1-Poznanska (FH) 2"]
[Site "Augsburg"]
[Date "2010.10.07"]
[Round "3.3"]
[White "Fengier, Jakub"]
[Black "Hokamp, Sascha"]
[Result "0-1"]
[WhiteElo "2002"]
[BlackElo "2017"]
[PlyCount "128"]
[EventDate "2010.10.06"]

1. e4 c5 2. Nf3 g6 3. c3 Bg7 4. d4 cxd4 5. cxd4 d6 6. Nc3 Nf6 7. Be3 O-O 8. Qd2
Nc6 9. Bh6 Qb6 10. Bxg7 Kxg7 11. Be2 e5 12. dxe5 dxe5 13. O-O Rd8 14. Qc2 Be6
15. Na4 Qb4 16. Nc5 Bg4 17. Rfd1 Rac8 18. a3 Qb6 19. Na4 Qa5 20. Rxd8 Nxd8 21.
Qd1 Nc6 22. h3 Rd8 23. Qb3 Bxf3 24. Bxf3 Nd4 25. Qb4 Qxb4 26. axb4 Nc2 27. Rc1
Nxb4 28. Rc7 Rd7 29. Rc8 Nd3 30. b3 b6 31. Nc3 Nc5 32. b4 Nd3 33. b5 Nc5 34.
Ra8 Rd3 35. Nd5 Rb3 36. Rxa7 Rxb5 37. Re7 Rb1+ 38. Kh2 Nfxe4 39. Bxe4 Nxe4 40.
f3 Nf6 41. Ne3 Rb5 42. Nc4 Kf8 43. Rxe5 Rxe5 44. Nxe5 b5 45. Kg3 Ke7 46. Kf4
Ke6 47. Nc6 Kd5 48. Na5 h6 49. Ke3 Nd7 50. Kd3 b4 51. h4 f6 52. g4 Ne5+ 53. Ke2
Nc6 54. Nb3 Nd4+ 55. Nxd4 Kxd4 56. Kd2 b3 57. f4 Ke4 58. g5 hxg5 59. fxg5 fxg5
60. hxg5 Kf4 61. Kc3 Kxg5 62. Kxb3 Kf4 63. Kc2 Kf3 64. Kd1 Kf2 0-1

[Event "D-HS-MM Muenster (Uni) 1-Poznanska (FH) 2"]
[Site "Augsburg"]
[Date "2010.10.07"]
[Round "3.4"]
[White "Herud, Martin"]
[Black "Sobierska, Wioletta"]
[Result "0-1"]
[WhiteElo "1951"]
[BlackElo "1986"]
[PlyCount "98"]
[EventDate "2010.10.06"]

1. e4 e6 2. Nf3 d5 3. Nc3 Nf6 4. e5 Nfd7 5. d4 c5 6. dxc5 Bxc5 7. Bd3 Nc6 8.
Bf4 f6 9. exf6 Nxf6 10. Qe2 O-O 11. O-O-O a6 12. Ne5 Bd6 13. Kb1 Qc7 14. Rhe1
Nxe5 15. Bxe5 Bxe5 16. Qxe5 Qxe5 17. Rxe5 Ng4 18. Re2 Nxf2 19. Bxh7+ Kxh7 20.
Rf1 Bd7 21. Rexf2 Kg8 22. Kc1 Rxf2 23. Rxf2 Bc6 24. Kd2 Rf8 25. Nd1 e5 26. c3
Rxf2+ 27. Nxf2 Kf7 28. g4 g5 29. Ke3 Kf6 30. h3 Bb5 31. Nd3 e4 32. Nb4 Ke5 33.
Kf2 Bd3 34. Nxd3+ exd3 35. Ke3 d2 36. Kxd2 Kf4 37. Ke2 Kg3 38. a4 Kxh3 39. Kf3
Kh4 40. b4 b5 41. a5 Kh3 42. Ke3 Kxg4 43. Kd4 Kf5 44. Kxd5 g4 45. c4 g3 46.
cxb5 axb5 47. a6 g2 48. a7 g1=Q 49. Kc6 Qxa7 0-1

[Event "D-HS-MM Augsburg (Uni) 2-Mannheim (Uni) 1"]
[Site "Augsburg"]
[Date "2010.10.07"]
[Round "3.1"]
[White "Fruebing, Stefan"]
[Black "Luhn, Robert"]
[Result "1-0"]
[WhiteElo "2329"]
[BlackElo "1871"]
[PlyCount "59"]
[EventDate "2010.10.06"]

1. e4 c5 2. Nf3 d6 3. d4 cxd4 4. Nxd4 Nf6 5. Nc3 a6 6. Be3 e6 7. f4 b5 8. a3
Be7 9. Be2 Bb7 10. Bf3 Qc7 11. O-O Nbd7 12. Qe2 O-O 13. Kh1 Rfd8 14. Rae1 Nc5
15. e5 dxe5 16. fxe5 Nfe4 17. Nxe4 Nxe4 18. Bg1 Ng5 19. Bxb7 Qxb7 20. Qg4 h5
21. Qxh5 g6 22. Qg4 Kg7 23. Be3 Qe4 24. Qg3 Rxd4 25. Bxg5 Qb7 26. Bf6+ Bxf6 27.
exf6+ Kg8 28. Rxe6 fxe6 29. Qxg6+ Kh8 30. f7 1-0

[Event "D-HS-MM Augsburg (Uni) 2-Mannheim (Uni) 1"]
[Site "Augsburg"]
[Date "2010.10.07"]
[Round "3.2"]
[White "Buehler, Florian"]
[Black "Knickel, Aaron"]
[Result "0-1"]
[WhiteElo "1989"]
[BlackElo "2135"]
[PlyCount "76"]
[EventDate "2010.10.06"]

1. d4 d6 2. e4 Nd7 3. f4 g6 4. Nf3 Bg7 5. Bc4 e6 6. O-O Ne7 7. Nc3 O-O 8. Be3
d5 9. Bb3 dxe4 10. Nxe4 b6 11. Neg5 h6 12. Ne4 Bb7 13. Ng3 Rc8 14. c3 c5 15.
Qd2 Kh7 16. Bc2 Nd5 17. Bf2 Qc7 18. Nh5 Bh8 19. Ne5 cxd4 20. Nxd7 Qxd7 21. Bxd4
Nb4 22. Bb1 Nc6 23. Be3 Qxd2 24. Bxd2 Rfd8 25. Bc1 Na5 26. g4 Nc4 27. Ng3 Nxb2
28. f5 exf5 29. gxf5 Bxc3 30. fxg6+ Kh8 31. Bxh6 Bd4+ 32. Rf2 Nd1 33. g7+ Kg8
34. Nf5 Bxf2+ 35. Kf1 Re8 36. Bd2 Rcd8 37. Bd3 Rxd3 38. Rxd1 Rf3 0-1

[Event "D-HS-MM Augsburg (Uni) 2-Mannheim (Uni) 1"]
[Site "Augsburg"]
[Date "2010.10.07"]
[Round "3.3"]
[White "Sohl, Jan"]
[Black "Giannino, Domenico"]
[Result "1-0"]
[WhiteElo "2133"]
[BlackElo "1943"]
[PlyCount "45"]
[EventDate "2010.10.06"]

1. e4 e5 2. Nf3 Nf6 3. Nxe5 d6 4. Nf3 Nxe4 5. Nc3 Nxc3 6. dxc3 Bg4 7. Be3 Nc6
8. Qd2 Be7 9. h3 Bxf3 10. gxf3 Bf6 11. O-O-O a6 12. Kb1 b5 13. Bd3 Rb8 14. Be4
Qd7 15. Bg5 Bxg5 16. Qxg5 O-O 17. Rdg1 g6 18. h4 Ne7 19. h5 f6 20. Qh6 f5 21.
hxg6 Nxg6 22. Rxg6+ hxg6 23. Bd5+ 1-0

[Event "D-HS-MM Augsburg (Uni) 2-Mannheim (Uni) 1"]
[Site "Augsburg"]
[Date "2010.10.07"]
[Round "3.4"]
[White "Schaad, Simon Ulrich Maria"]
[Black "Schreck, Alexander"]
[Result "1-0"]
[WhiteElo "1549"]
[BlackElo "1772"]
[PlyCount "73"]
[EventDate "2010.10.06"]

1. d4 d6 2. e4 Nf6 3. Nc3 g6 4. Bg5 Bg7 5. e5 dxe5 6. dxe5 Ng4 7. Qxd8+ Kxd8 8.
Rd1+ Bd7 9. e6 fxe6 10. Bc4 Ke8 11. Nf3 Nc6 12. O-O a6 13. Rfe1 Nge5 14. Nxe5
Nxe5 15. Bb3 Nf7 16. Bf4 Nd6 17. Bxe6 Bxc3 18. bxc3 Bxe6 19. Rxe6 Rd8 20. Rde1
Rd7 21. Bg5 Nc8 22. g4 Kf7 23. Kg2 Re8 24. h4 Rd6 25. R6e4 Rc6 26. R1e3 e5 27.
f4 Nd6 28. Rxe5 Rxe5 29. fxe5 Nb5 30. c4 Rxc4 31. e6+ Ke8 32. e7 Rxc2+ 33. Kf1
Rd2 34. Rf3 Rd1+ 35. Kf2 Nd6 36. Rf8+ Kd7 37. Rd8+ 1-0

[Event "D-HS-MM Augsburg (Uni) 3-Muenster (Uni) 2"]
[Site "Augsburg"]
[Date "2010.10.07"]
[Round "3.1"]
[White "Webner, Dennis"]
[Black "Melzner, Lukas"]
[Result "1-0"]
[WhiteElo "1895"]
[BlackElo "2089"]
[PlyCount "79"]
[EventDate "2010.10.06"]

1. d4 e6 2. e4 d5 3. Be3 dxe4 4. f3 exf3 5. Nxf3 Nf6 6. Bd3 Be7 7. O-O b6 8.
Nbd2 Bb7 9. Bg5 Nbd7 10. Qe1 h6 11. Bh4 c5 12. c3 cxd4 13. cxd4 Rc8 14. Rd1 O-O
15. Nc4 Bd5 16. Nfe5 Nxe5 17. dxe5 Ne4 18. Rf4 Ng5 19. Bf2 f5 20. Ne3 Bc5 21.
Nxd5 exd5 22. Bxf5 Nh3+ 23. gxh3 Qg5+ 24. Rg4 Rxf5 25. Bxc5 Qh5 26. Bd4 Rcf8
27. Qg3 Qf7 28. Qg2 g5 29. h4 Kh7 30. hxg5 hxg5 31. Re1 Qh5 32. Rg3 Kg6 33. Rh3
g4 34. Rxh5 Kxh5 35. e6 Kh4 36. e7 Re8 37. Qg3+ Kh5 38. Re5 Kg5 39. Rxf5+ Kxf5
40. Qe5+ 1-0

[Event "D-HS-MM Augsburg (Uni) 3-Muenster (Uni) 2"]
[Site "Augsburg"]
[Date "2010.10.07"]
[Round "3.2"]
[White "Zikeli, Saskia"]
[Black "Zarubin, Ilja"]
[Result "1-0"]
[WhiteElo "2020"]
[BlackElo "1743"]
[PlyCount "53"]
[EventDate "2010.10.06"]

1. c4 Nf6 2. Nc3 g6 3. g3 Bg7 4. Bg2 d6 5. e3 O-O 6. Nge2 e5 7. d3 c6 8. O-O
Qe7 9. Bd2 Be6 10. Rc1 Qd7 11. b4 Na6 12. b5 Nc7 13. bxc6 bxc6 14. Qa4 d5 15.
Rb1 Qd6 16. cxd5 Ncxd5 17. d4 Rac8 18. Nxd5 Nxd5 19. Rfc1 Rfe8 20. Rb7 exd4 21.
Nxd4 Bxd4 22. Qxd4 c5 23. Qd3 Red8 24. Rxa7 c4 25. Qd4 c3 26. Be1 Qa3 27. Rxa3
1-0

[Event "D-HS-MM Augsburg (Uni) 3-Muenster (Uni) 2"]
[Site "Augsburg"]
[Date "2010.10.07"]
[Round "3.3"]
[White "Braun, Oskar"]
[Black "Yin, Stanley"]
[Result "1/2-1/2"]
[WhiteElo "1717"]
[BlackElo "1899"]
[PlyCount "50"]
[EventDate "2010.10.06"]

1. d4 d5 2. c4 Nc6 3. Nf3 Bg4 4. e3 e5 5. cxd5 Qxd5 6. Nc3 Bb4 7. Be2 exd4 8.
exd4 O-O-O 9. Be3 Nge7 10. O-O Qa5 11. Qb3 Nf5 12. d5 Bxf3 13. Bxf3 Ncd4 14.
Bxd4 Nxd4 15. Bg4+ f5 16. Qc4 Bxc3 17. bxc3 Rxd5 18. Bd1 Nc6 19. Bf3 Rc5 20.
Qe6+ Kb8 21. Rfe1 Nd8 22. Qd7 Qxc3 23. Rab1 a6 24. h3 Re5 25. Rec1 Qa5 1/2-1/2

[Event "D-HS-MM Augsburg (Uni) 3-Muenster (Uni) 2"]
[Site "Augsburg"]
[Date "2010.10.07"]
[Round "3.4"]
[White "Sedelmayr, Werner"]
[Black "Stumpe, Danny"]
[Result "1-0"]
[WhiteElo "1660"]
[BlackElo "1461"]
[PlyCount "63"]
[EventDate "2010.10.06"]

1. e4 g6 2. d4 Bg7 3. Nc3 d6 4. Be3 c6 5. Qd2 b5 6. O-O-O Nf6 7. f3 a5 8. Bh6
O-O 9. h4 a4 10. h5 b4 11. Nce2 Qa5 12. Bxg7 Kxg7 13. hxg6 fxg6 14. Qh6+ Kg8
15. Nf4 Kf7 16. g4 Ke8 17. e5 dxe5 18. dxe5 Nd5 19. Nxd5 cxd5 20. Qxh7 Qb6 21.
Qh6 Ba6 22. Bxa6 Rxa6 23. Rxd5 b3 24. a3 bxc2 25. Qd2 Nc6 26. Qxc2 Nd4 27. Qc8+
Kf7 28. Rh7+ Kg8 29. Rh8+ Kxh8 30. Qxf8+ Kh7 31. Qxe7+ Kh6 32. Qh4+ 1-0

[Event "D-HS-MM Augsburg (Uni) 1-Poznanska (FH) 1"]
[Site "Augsburg"]
[Date "2010.10.08"]
[Round "4.1"]
[White "Chojnacki, Krzysztof"]
[Black "Grimberg, Boris"]
[Result "1-0"]
[WhiteElo "2248"]
[BlackElo "2331"]
[PlyCount "69"]
[EventDate "2010.10.06"]

1. e4 d5 2. exd5 Qxd5 3. Nc3 Qd6 4. g3 Nf6 5. Bg2 Bg4 6. Nge2 Nc6 7. h3 Bh5 8.
g4 Bg6 9. d3 O-O-O 10. Be3 e5 11. Qd2 a6 12. f4 exf4 13. Bxf4 Qc5 14. O-O-O Bd6
15. Be3 Qa5 16. Bxc6 bxc6 17. Nd4 Kd7 18. Nb3 Qe5 19. Rhe1 Rhe8 20. Na4 Qb5 21.
Nac5+ Kc8 22. a4 Qb8 23. Bg5 Qb6 24. Bxf6 gxf6 25. Qc3 h5 26. gxh5 Bxh5 27.
Qxf6 Bg6 28. d4 Qb4 29. Rxe8 Rxe8 30. Qf1 Qb6 31. h4 Rh8 32. Qf6 Rh5 33. Re1
Bxc5 34. Re8+ Kb7 35. Qd8 1-0

[Event "D-HS-MM Augsburg (Uni) 1-Poznanska (FH) 1"]
[Site "Augsburg"]
[Date "2010.10.08"]
[Round "4.2"]
[White "Billing, Christian"]
[Black "Lubczynski, Rafal"]
[Result "1/2-1/2"]
[WhiteElo "2273"]
[BlackElo "2419"]
[PlyCount "79"]
[EventDate "2010.10.06"]

1. Nf3 Nf6 2. g3 b5 3. Bg2 Bb7 4. O-O e6 5. d3 d5 6. c4 a6 7. b3 c5 8. Bb2 Be7
9. Ne5 Qb6 10. Qc2 O-O 11. Nd2 Nc6 12. Nxc6 Bxc6 13. e4 bxc4 14. bxc4 d4 15.
Rab1 Qc7 16. h3 e5 17. Nb3 a5 18. Ba3 a4 19. Nc1 h5 20. Ne2 h4 21. g4 g5 22.
Bc1 Nd7 23. a3 Rfb8 24. Bd2 Rb3 25. Rxb3 axb3 26. Qxb3 Rb8 27. Qc2 Qb7 28. Ra1
Qb2 29. Qc1 Qxc1+ 30. Nxc1 Ba4 31. Kf1 Rb2 32. Ke1 Bd8 33. Bf3 Nb6 34. Bd1 Bxd1
35. Kxd1 Na4 36. Ne2 Rb3 37. Kc2 Rb2+ 38. Kd1 Rb3 39. Kc2 Rb2+ 40. Kd1 1/2-1/2

[Event "D-HS-MM Augsburg (Uni) 1-Poznanska (FH) 1"]
[Site "Augsburg"]
[Date "2010.10.08"]
[Round "4.3"]
[White "Panocki, Adrian"]
[Black "Nuber, Korbinian"]
[Result "1/2-1/2"]
[WhiteElo "2354"]
[BlackElo "2192"]
[PlyCount "68"]
[EventDate "2010.10.06"]

1. Nf3 g6 2. c4 Bg7 3. Nc3 d6 4. g3 e5 5. Bg2 Nc6 6. O-O Nf6 7. d3 O-O 8. Rb1
a5 9. a3 h6 10. b4 axb4 11. axb4 Be6 12. b5 Ne7 13. Bb2 Qd7 14. Re1 Nh7 15. c5
d5 16. e3 Ng5 17. Nxg5 hxg5 18. Ra1 d4 19. exd4 exd4 20. c6 bxc6 21. bxc6 Nxc6
22. Rxa8 Rxa8 23. Ne4 Bd5 24. Nxg5 Bxg2 25. Kxg2 Qd5+ 26. Qf3 Qxf3+ 27. Nxf3
Nb4 28. Bxd4 Bxd4 29. Nxd4 c5 30. Nb3 Nxd3 31. Re3 c4 32. Nd2 Ra2 33. Nxc4 Nxf2
34. Ra3 Rxa3 1/2-1/2

[Event "D-HS-MM Augsburg (Uni) 1-Poznanska (FH) 1"]
[Site "Augsburg"]
[Date "2010.10.08"]
[Round "4.4"]
[White "Wirsching, Andreas"]
[Black "Maciejczak, Jakub"]
[Result "0-1"]
[WhiteElo "2050"]
[BlackElo "2327"]
[PlyCount "79"]
[EventDate "2010.10.06"]

1. d4 d5 2. c4 c6 3. Nf3 Nf6 4. Nc3 dxc4 5. e4 b5 6. e5 Nd5 7. Ng5 h6 8. Nge4
Bf5 9. Be2 e6 10. O-O Nd7 11. Ng3 g6 12. Nxd5 cxd5 13. Nxf5 gxf5 14. Be3 Nb6
15. Kh1 Qd7 16. g4 fxg4 17. Bxg4 Nc8 18. f4 Ne7 19. f5 exf5 20. Bh3 Rc8 21. Qh5
Rc6 22. Rxf5 Nxf5 23. Bxf5 Re6 24. Rf1 Be7 25. Rg1 Qc6 26. Rg7 Rf8 27. Rh7 Rxe5
28. Bd7+ Kxd7 29. Qxe5 Qe6 30. Rxh6 f6 31. Qxe6+ Kxe6 32. Rh5 b4 33. Bd2 Rb8
34. Rh3 Bd6 35. Re3+ Kf7 36. Rf3 Kg6 37. Kg2 Re8 38. Kf2 a5 39. h3 Re4 40. Be3
{ZUE} 0-1

[Event "D-HS-MM Dresden (TU) 1-Leipzig (Uni) 1"]
[Site "Augsburg"]
[Date "2010.10.08"]
[Round "4.1"]
[White "Schoeneberg, Manfred"]
[Black "Loxine, Iakov"]
[Result "1/2-1/2"]
[WhiteElo "2233"]
[BlackElo "2350"]
[PlyCount "70"]
[EventDate "2010.10.06"]

1. e4 c5 2. Nf3 Nc6 3. Bb5 e6 4. O-O Nge7 5. c3 a6 6. Bxc6 Nxc6 7. d4 d5 8.
exd5 Qxd5 9. dxc5 Qxd1 10. Rxd1 Bxc5 11. Nbd2 O-O 12. Ne4 Bb6 13. Be3 Bxe3 14.
fxe3 f6 15. Nd6 e5 16. Nxc8 Raxc8 17. Rd7 Rf7 18. Rad1 Rc7 19. Rxc7 Rxc7 20. e4
Kf7 21. Nd2 Rd7 22. Kf2 g6 23. Ke2 f5 24. Rf1 Ke6 25. Nf3 f4 26. g3 h6 27. Rg1
Kf6 28. h4 fxg3 29. Rxg3 b5 30. Nh2 h5 31. Nf3 b4 32. cxb4 Nd4+ 33. Nxd4 Rxd4
34. Ke3 Rxb4 35. Rg2 a5 1/2-1/2

[Event "D-HS-MM Dresden (TU) 1-Leipzig (Uni) 1"]
[Site "Augsburg"]
[Date "2010.10.08"]
[Round "4.2"]
[White "Zwahr, Paul"]
[Black "Boehlig, Heinz"]
[Result "1-0"]
[WhiteElo "2273"]
[BlackElo "2174"]
[PlyCount "77"]
[EventDate "2010.10.06"]

1. e4 c5 2. Nf3 e6 3. d4 cxd4 4. Nxd4 a6 5. Bd3 Qc7 6. O-O Nf6 7. Qe2 d6 8. c4
g6 9. Nc3 Bg7 10. Rd1 O-O 11. Nf3 Nbd7 12. Bf4 Ne5 13. Nxe5 dxe5 14. Be3 b6 15.
f3 Bb7 16. Qf2 Nd7 17. Na4 Bc6 18. Nxb6 Nxb6 19. Bxb6 Qb7 20. b4 f5 21. b5 Bxe4
22. Bf1 Bc2 23. Rd6 e4 24. Re1 Bd3 25. Bxd3 exd3 26. Rexe6 axb5 27. cxb5 Ra3
28. Bc5 Rc3 29. a4 Rc8 30. Be3 Ra3 31. h3 Rxa4 32. Rxd3 Qxb5 33. Qd2 Ra1+ 34.
Kh2 Raa8 35. Rd7 Re8 36. Rb6 Be5+ 37. f4 Bxf4+ 38. Bxf4 Qxb6 39. Qc3 1-0

[Event "D-HS-MM Dresden (TU) 1-Leipzig (Uni) 1"]
[Site "Augsburg"]
[Date "2010.10.08"]
[Round "4.3"]
[White "Pruefer, Friedbert"]
[Black "Hoffmann, Paul"]
[Result "0-1"]
[WhiteElo "2080"]
[BlackElo "2317"]
[PlyCount "120"]
[EventDate "2010.10.06"]

1. d4 e6 2. Nf3 Nf6 3. g3 b6 4. Bg2 Bb7 5. O-O Be7 6. c4 O-O 7. Re1 d6 8. Nc3
Ne4 9. Bd2 f5 10. Qc2 c5 11. d5 Nxd2 12. Nxd2 e5 13. e4 f4 14. Bh3 Na6 15. a3
Bc8 16. Bxc8 Qxc8 17. Qd3 Qh3 18. Qf1 Qh6 19. Qg2 Rf7 20. Rad1 Raf8 21. f3 fxg3
22. hxg3 Bg5 23. Ncb1 Be3+ 24. Kf1 Bd4 25. b3 Rf6 26. Re2 Qg5 27. Ke1 Nb8 28.
Qh3 Rh6 29. Qg2 Qh5 30. Rc1 Qh1+ 31. Qf1 Qxf1+ 32. Nxf1 Rxf3 33. Nbd2 Rf7 34.
Rb1 Rh1 35. Rg2 Nd7 36. Ke2 Nf6 37. b4 Ng4 38. Rb3 h6 39. b5 Nf6 40. Rh2 Rxh2+
41. Nxh2 Kf8 42. a4 Nd7 43. Nhf3 g5 44. Ra3 Kg7 45. Rb3 Kg6 46. Rb1 Nf6 47. Rc1
Rh7 48. Rh1 Nh5 49. Nf1 Rf7 50. Rh2 Nf6 51. N1d2 Ng4 52. Rh1 Bc3 53. Nf1 Nf6
54. Kd3 Bd4 55. N1d2 Nh5 56. Rh3 Bf2 57. Ke2 Bxg3 58. Rh1 g4 59. Nh4+ Bxh4 60.
Rxh4 Kg5 0-1

[Event "D-HS-MM Dresden (TU) 1-Leipzig (Uni) 1"]
[Site "Augsburg"]
[Date "2010.10.08"]
[Round "4.4"]
[White "Boettger, Lukas"]
[Black "Kalies, Grit"]
[Result "1-0"]
[WhiteElo "2093"]
[BlackElo "1935"]
[PlyCount "138"]
[EventDate "2010.10.06"]

1. d4 Nf6 2. c4 d6 3. Nc3 g6 4. e4 Bg7 5. f3 Nbd7 6. Be3 c6 7. Bd3 c5 8. Nge2
Qa5 9. O-O cxd4 10. Nxd4 Ne5 11. Be2 O-O 12. Qd2 Rd8 13. Rac1 a6 14. Nb3 Qb4
15. Qd1 Nxc4 16. Bxc4 Qxc4 17. Nd5 Nxd5 18. Rxc4 Nxe3 19. Qe2 Nxc4 20. Qxc4
Bxb2 21. Qc7 Re8 22. Rf2 Bf6 23. Qb6 Be6 24. Nd4 Bd7 25. f4 Rec8 26. Nf3 Rc1+
27. Rf1 Rxf1+ 28. Kxf1 Bc6 29. e5 dxe5 30. fxe5 Bg7 31. Qc7 Bf8 32. e6 fxe6 33.
Ng5 Bg7 34. Nxe6 Bf6 35. Nd8 Bd5 36. Qd7 Bxa2 37. Qe8+ Kg7 38. Ne6+ Bxe6 39.
Qxa8 Bd5 40. g3 Bc6 41. Ke2 e5 42. Qb8 g5 43. Qc8 e4 44. Qf5 h6 45. Ke3 Bb2 46.
Qc5 Bf6 47. Kd2 Kf7 48. h4 Kg6 49. Qd6 gxh4 50. gxh4 Kg7 51. Qf4 Bd4 52. Qg4+
Kf7 53. h5 Bg7 54. Ke3 Bb2 55. Qg6+ Ke7 56. Kd2 e3+ 57. Kxe3 Bc1+ 58. Kd4 Bg5
59. Ke5 a5 60. Qd6+ Kf7 61. Qc7+ Be7 62. Qxa5 Bf6+ 63. Kf4 Bg5+ 64. Kg3 Kf6 65.
Qc5 Ke6 66. Kg4 Bd5 67. Qc8+ Kd6 68. Kf5 Bc6 69. Qf8+ Kd5 {und es geschah noch
eine Reihe weiterer Zuege, ohne Reklamation, bis Schwarz schliesslich die Zeit
ueberschritt} 1-0

[Event "D-HS-MM Dresden (TU) 2-Muenster (Uni) 1"]
[Site "Augsburg"]
[Date "2010.10.08"]
[Round "4.1"]
[White "Werner, Daniel"]
[Black "Siedentopf, Daniel"]
[Result "1/2-1/2"]
[WhiteElo "2091"]
[BlackElo "2261"]
[PlyCount "107"]
[EventDate "2010.10.06"]

1. e4 e6 2. d4 d5 3. Nd2 Nf6 4. e5 Nfd7 5. Bd3 c5 6. c3 Nc6 7. Ne2 cxd4 8. cxd4
f6 9. exf6 Nxf6 10. Nf3 Bd6 11. O-O Qc7 12. Nc3 a6 13. Bg5 O-O 14. Rc1 h6 15.
Bh4 Nh5 16. Bg3 Nxg3 17. hxg3 Qf7 18. Bb1 Bd7 19. Na4 Rae8 20. Nb6 Bc7 21. Ne5
Bxe5 22. dxe5 Nxe5 23. Rc7 Re7 24. Qc2 g5 25. Re1 Ng4 26. Rxd7 Rxd7 27. Nxd7
Qxd7 28. Qg6+ Qg7 29. Rxe6 Qxg6 30. Rxg6+ Kf7 31. Kf1 Re8 32. Rb6 Re7 33. Bf5
Ne5 34. Rxh6 Nc4 35. Rh7+ Kf6 36. Rxe7 Kxe7 37. b3 Nd6 38. Bg4 Kf6 39. Ke2 Ke5
40. Ke3 Ne4 41. f4+ Kd6 42. Kd4 a5 43. Bf3 Nxg3 44. Bxd5 Ne2+ 45. Kc4 b5+ 46.
Kxb5 Kxd5 47. fxg5 Nc3+ 48. Kxa5 Nxa2 49. Ka4 Ke6 50. Ka3 Nc3 51. b4 Kf5 52.
Kb3 Nb5 53. Kc4 Nc7 54. Kb3 1/2-1/2